[Event "NDVM 2025 U16"]
[Site "Binz"]
[Date "2025.09.05"]
[Round "2.1"]
[White "Ishcenko, Volodymyr"]
[Black "Al Amin, Sami"]
[Result "0-1"]
[EventDate "2025.09.05"]
[Time "14:30:00"]
[Board "1"]
[WhiteElo "1586"]
[BlackElo "1861"]
[WhiteNrv "1574"]
[BlackNrv "1781"]
[WhiteTwz "1574"]
[BlackTwz "1781"]
[WhiteTitle ""]
[BlackTitle ""]
[WhiteFideId "34660208"]
[BlackFideId "34691910"]
[WhiteNatFedId "10791869"]
[BlackNatFedId "10833287"]
[WhiteAttr "M"]
[BlackAttr "M"]
[WhiteTeam "Delmenhorster SK V 1931"]
[BlackTeam "SchVgg Blankenese von 1923 e.V."]
[PlyCount "0"]
[Annotator "Rnd./Pair./Board: 02.007.01"]

1. e4 c5 2. Nf3 Nc6 3. d4 cxd4 4. Nxd4 Nf6 5. Nc3 e5 6. Ndb5 d6 7. Bg5 a6 8. Na3 b5 9. Bxf6 gxf6 10. Nd5 f5 11. exf5 Bxf5 12. Qf3 Be6 13. Nf6+ Ke7 14. Nxh7 Rxh7 15. Qxc6 Qa5+ 16. c3 Rc8 17. Qf3 f5 18. Qd3 b4 19. cxb4 Qxb4+ 20. Qd2 Qb6 21. Be2 Bh6 22. Qd3 Qb4+ 23. Kf1 Qxb2 24. Rb1 Rc1+ 25. Rxc1 Qxc1+ 26. Bd1 e4 27. Qd4 Qxa3 28. Qa7+ Bd7 29. g3 Ke6 30. Bb3+ Qxb3 31. axb3 Bb5+ 0-1

[Event "NDVM 2025 U16"]
[Site "Binz"]
[Date "2025.09.06"]
[Round "3.1"]
[White "Bräutigam, Alexander"]
[Black "Zobel, Christian"]
[Result "1/2-1/2"]
[EventDate "2025.09.05"]
[Time "08:30:00"]
[Board "1"]
[WhiteElo "2166"]
[BlackElo "2212"]
[WhiteNrv "2155"]
[BlackNrv "2177"]
[WhiteTwz "2155"]
[BlackTwz "2177"]
[WhiteTitle ""]
[BlackTitle "CM"]
[WhiteFideId "16245210"]
[BlackFideId "16259068"]
[WhiteNatFedId "10624201"]
[BlackNatFedId "10660429"]
[WhiteAttr "M"]
[BlackAttr "M"]
[WhiteTeam "SK Doppelbauer Kiel von 1910"]
[BlackTeam "SC Borussia Lichtenberg"]
[PlyCount "0"]
[Annotator "Rnd./Pair./Board: 03.001.01"]

1. d4 Nf6 2. c4 e6 3. Nc3 Bb4 4. f3 c5 5. d5 d6 6. e4 b5 7. Bd2 Bxc3 8. Bxc3 b4 9. Bd2 exd5 10. cxd5 O-O 11. Qc2 Qb6 12. Be3 Re8 13. Kf2 Nbd7 14. Nh3 Ne5 15. Nf4 a5 16. Be2 Ba6 17. Rab1 Reb8 18. a4 b3 19. Qd1 Qb4 20. Bxa6 Rxa6 21. Nd3 Qxa4 22. Nxe5 dxe5 23. Bxc5 Qb5 24. Rc1 Nd7 25. Ba3 Rg6 26. g3 Qb6+ 27. Ke2 h5 28. Qd3 h4 29. g4 Rc8 30. Qe3 Qb5+ 31. Kf2 h3 32. Rc3 a4 33. Rhc1 Nf6 34. Qe2 Qb6+ 35. Bc5 Qd8 36. Kf1 Nd7 37. Bf2 Qa5 38. Rc7 a3 39. bxa3 Qxa3 40. Rb1 Rd6 41. Rb7 Rc5 42. R7xb3 Rc1+ 43. Be1 Qc5 44. Rxc1 Qxc1 45. Rc3 Qa1 46. Qc4 Rb6 47. Rc1 Qa3 48. Ke2 Rb2+ 49. Bd2 Qa7 50. Qc3 Qb6 51. Qc6 Nf8 52. Qc5 Qa6+ 53. Qc4 Qb6 54. Qd3 Rb3 55. Be3 Qb7 56. Qc4 Rb2+ 57. Rc2 Rb1 58. Kf2 Qe7 59. Kg3 Ng6 60. g5 Rb8 61. Kxh3 Qa3 62. Rc3 Qa1 63. Rc1 Qa3 64. Rc3 1/2-1/2

[Event "NDVM 2025 U16"]
[Site "Binz"]
[Date "2025.09.06"]
[Round "3.2"]
[White "Pimenov, Danil"]
[Black "Farokhi, Darian"]
[Result "1-0"]
[EventDate "2025.09.05"]
[Time "08:30:00"]
[Board "2"]
[WhiteElo "1966"]
[BlackElo "1851"]
[WhiteNrv "1939"]
[BlackNrv "1831"]
[WhiteTwz "1939"]
[BlackTwz "1831"]
[WhiteTitle ""]
[BlackTitle ""]
[WhiteFideId "34600248"]
[BlackFideId "16253108"]
[WhiteNatFedId "10705507"]
[BlackNatFedId "10642131"]
[WhiteAttr "M"]
[BlackAttr "M"]
[WhiteTeam "SC Borussia Lichtenberg"]
[BlackTeam "SK Doppelbauer Kiel von 1910"]
[PlyCount "0"]
[Annotator "Rnd./Pair./Board: 03.001.02"]

1. e4 e5 2. Nf3 Nc6 3. Nc3 Nf6 4. d4 Bb4 5. Nxe5 Qe7 6. Nxc6 Qxe4+ 7. Qe2 dxc6 8. Bd2 Qxe2+ 9. Bxe2 Bf5 10. O-O-O O-O-O 11. Be3 Bxc3 12. bxc3 Ne4 13. Kb2 Nd6 14. c4 Rhe8 15. Rhe1 a6 16. g4 Bd7 17. h3 b5 18. c5 Nb7 19. a4 Be6 20. axb5 axb5 21. Ra1 Kd7 22. Ra7 Rb8 23. c4 Bxc4 24. Bxc4 bxc4 25. Kc3 Nd8 26. Rxc7+ Kxc7 27. Bf4+ Kd7 28. Rxe8 Rb3+ 29. Kxc4 Rf3 30. Re4 Rxf2 31. d5 Rc2+ 32. Kd4 Nb7 33. dxc6+ Kxc6 34. Re7 Nxc5 35. Rc7+ Kb6 36. Rxf7 Ne6+ 37. Ke5 Nxf4 38. Rxf4 Rh2 39. Rf3 Kc7 40. Ke6 Kd8 41. Kf7 h5 42. Rd3+ Kc8 43. Kxg7 Rg2 44. Rd4 Rg3 45. Kh6 Rxh3 46. g5 h4 47. Rg4 Re3 48. g6 h3 49. g7 Re6+ 50. Kh7 Re7 51. Kh8 Rxg7 52. Kxg7 h2 53. Rh4 h1=Q 54. Rxh1 1-0

[Event "NDVM 2025 U16"]
[Site "Binz"]
[Date "2025.09.06"]
[Round "3.3"]
[White "Charchulla, Moritz"]
[Black "Svanidze, Alexander"]
[Result "1-0"]
[EventDate "2025.09.05"]
[Time "08:30:00"]
[Board "3"]
[WhiteElo "1770"]
[BlackElo "1815"]
[WhiteNrv "1702"]
[BlackNrv "1807"]
[WhiteTwz "1702"]
[BlackTwz "1807"]
[WhiteTitle ""]
[BlackTitle ""]
[WhiteFideId "34607579"]
[BlackFideId "34623469"]
[WhiteNatFedId "10737333"]
[BlackNatFedId "10768095"]
[WhiteAttr "M"]
[BlackAttr "M"]
[WhiteTeam "SK Doppelbauer Kiel von 1910"]
[BlackTeam "SC Borussia Lichtenberg"]
[PlyCount "0"]
[Annotator "Rnd./Pair./Board: 03.001.03"]

1. e4 e5 2. Nf3 Nf6 3. Nxe5 d6 4. Nf3 Nxe4 5. d4 d5 6. Bd3 Be7 7. O-O O-O 8. c4 c6 9. Nc3 Nxc3 10. bxc3 Nd7 11. cxd5 cxd5 12. Re1 Nb6 13. Ne5 Bf6 14. Qf3 Be6 15. Ng4 Be7 16. Qh3 g6 17. Bh6 Re8 18. Qg3 Nd7 19. Bb5 Bg5 20. Rxe6 Rxe6 21. Bxd7 Bh4 22. Qh3 Bxf2+ 23. Kxf2 Qxd7 24. Kg1 f5 25. Ne5 Qb5 26. Qe3 Rc8 27. Qd2 Ra6 28. h4 Qa5 29. Rb1 b6 30. Qg5 b5 31. Rxb5 Qxc3 32. Qe7 Qxd4+ 33. Kh2 1-0

[Event "NDVM 2025 U16"]
[Site "Binz"]
[Date "2025.09.06"]
[Round "3.4"]
[White "Belka, David"]
[Black "Johannsen, Bjarne"]
[Result "1-0"]
[EventDate "2025.09.05"]
[Time "08:30:00"]
[Board "4"]
[WhiteElo "1831"]
[BlackElo "1647"]
[WhiteNrv "1684"]
[BlackNrv "1403"]
[WhiteTwz "1684"]
[BlackTwz "1403"]
[WhiteTitle ""]
[BlackTitle ""]
[WhiteFideId "533023239"]
[BlackFideId "34671633"]
[WhiteNatFedId "10868145"]
[BlackNatFedId "10767815"]
[WhiteAttr "M"]
[BlackAttr "M"]
[WhiteTeam "SC Borussia Lichtenberg"]
[BlackTeam "SK Doppelbauer Kiel von 1910"]
[PlyCount "0"]
[Annotator "Rnd./Pair./Board: 03.001.04"]

1. e4 e5 2. Nf3 Nc6 3. d4 exd4 4. Bc4 Nf6 5. e5 d5 6. Bb5 Ne4 7. Nxd4 Bd7 8. Bxc6 bxc6 9. O-O Bc5 10. f3 Ng5 11. Be3 Bb6 12. Nd2 c5 13. Ne2 d4 14. Bf2 O-O 15. a4 a5 16. Kh1 f6 17. Bh4 h6 18. exf6 gxf6 19. h3 Kh7 20. Ng3 Rg8 21. Nde4 Qe7 22. Qd3 Rg6 23. Rae1 Qf7 24. f4 Nxe4 25. Qxe4 f5 26. Qxa8 1-0

[Event "NDVM 2025 U16"]
[Site "Binz"]
[Date "2025.09.06"]
[Round "3.1"]
[White "Direk, Oguzhan"]
[Black "Lu, Yunong Elias"]
[Result "1-0"]
[EventDate "2025.09.05"]
[Time "08:30:00"]
[Board "1"]
[WhiteElo "2013"]
[BlackElo "2106"]
[WhiteNrv "1925"]
[BlackNrv "2073"]
[WhiteTwz "1925"]
[BlackTwz "2073"]
[WhiteTitle ""]
[BlackTitle ""]
[WhiteFideId "16294343"]
[BlackFideId "16276426"]
[WhiteNatFedId "10749313"]
[BlackNatFedId "10711099"]
[WhiteAttr "M"]
[BlackAttr "M"]
[WhiteTeam "Hagener SV"]
[BlackTeam "Hamburger SK von 1830 eV"]
[PlyCount "0"]
[Annotator "Rnd./Pair./Board: 03.002.01"]

1. d4 Nf6 2. Nc3 d5 3. Bf4 e6 4. Nb5 Na6 5. e3 Be7 6. h3 O-O 7. Nf3 c6 8. Nc3 c5 9. Bxa6 bxa6 10. O-O Bd7 11. Ne5 Be8 12. Re1 Qb6 13. Rb1 Rc8 14. Ne2 Nd7 15. c3 Nxe5 16. Bxe5 a5 17. Qd2 a4 18. a3 c4 19. Bh2 f6 20. Ng3 Bg6 21. e4 dxe4 22. Nxe4 Bxe4 23. Rxe4 Bxa3 24. Qc2 Bd6 25. Bxd6 Qxd6 26. Qxa4 Qc6 27. Qc2 Rb8 28. Qe2 Rb6 29. Ra1 a6 30. Ra5 Rxb2 31. Qxb2 Qxe4 32. Rxa6 Ra8 33. Qb5 Re8 34. Qd7 Rb8 35. Qxe6+ Qxe6 36. Rxe6 Rb1+ 37. Kh2 Rc1 38. Re3 Kf7 39. Kg3 f5 40. Kf3 g5 41. g3 Kf6 42. h4 h6 43. d5 gxh4 44. gxh4 Rd1 45. Re6+ Kf7 46. Rc6 Rd3+ 47. Kf4 Rxc3 48. Ke5 Rc1 49. Rc7+ Kg6 50. d6 Re1+ 51. Kd5 Rd1+ 52. Ke6 Re1+ 53. Kd7 Re2 54. Rxc4 Rxf2 55. Kc7 Rd2 56. d7 Kf6 57. d8=Q+ Rxd8 58. Kxd8 Ke5 59. Ke7 f4 60. Kf7 Kf5 61. Kg7 h5 1-0

[Event "NDVM 2025 U16"]
[Site "Binz"]
[Date "2025.09.06"]
[Round "3.2"]
[White "Haertel, Leon"]
[Black "Möller, Tom"]
[Result "1/2-1/2"]
[EventDate "2025.09.05"]
[Time "08:30:00"]
[Board "2"]
[WhiteElo "1900"]
[BlackElo "1919"]
[WhiteNrv "1892"]
[BlackNrv "1920"]
[WhiteTwz "1892"]
[BlackTwz "1920"]
[WhiteTitle ""]
[BlackTitle ""]
[WhiteFideId "34623736"]
[BlackFideId "16287215"]
[WhiteNatFedId "10719991"]
[BlackNatFedId "10713995"]
[WhiteAttr "M"]
[BlackAttr "M"]
[WhiteTeam "Hamburger SK von 1830 eV"]
[BlackTeam "Hagener SV"]
[PlyCount "0"]
[Annotator "Rnd./Pair./Board: 03.002.02"]

1. d4 d5 2. c4 e6 3. Nc3 c6 4. e4 dxe4 5. Nxe4 Bb4+ 6. Nc3 Nf6 7. a3 Be7 8. Be3 O-O 9. h3 Nbd7 10. Nf3 c5 11. Qc2 b6 12. d5 exd5 13. cxd5 Bb7 14. Rd1 Bd6 15. Be2 Re8 16. O-O Ne5 17. Bg5 h6 18. Bxf6 Qxf6 19. Ne4 Nxf3+ 20. Bxf3 Qe5 21. Nxd6 Qxd6 22. Rfe1 Re5 23. Rxe5 Qxe5 24. Qc3 Qd6 25. Qe5 Rd8 26. Qe2 a6 27. a4 Qd7 28. b3 Re8 29. Qc2 Qd6 30. Qc4 Re5 31. g3 g6 32. Kg2 Kg7 33. Qc3 Kh7 34. Qc4 Bc8 35. Qf4 f6 36. h4 g5 37. hxg5 hxg5 38. Rh1+ Kg7 39. Qc4 b5 40. axb5 axb5 41. Qd3 Bf5 42. Qd2 g4 43. Qh6+ Kf7 44. Bxg4 Qxd5+ 45. Bf3 Be4 46. Bxe4 Qxe4+ 1/2-1/2

[Event "NDVM 2025 U16"]
[Site "Binz"]
[Date "2025.09.06"]
[Round "3.3"]
[White "Schöne, Finn"]
[Black "Kellner, Anton"]
[Result "0-1"]
[EventDate "2025.09.05"]
[Time "08:30:00"]
[Board "3"]
[WhiteElo "1914"]
[BlackElo "1869"]
[WhiteNrv "1870"]
[BlackNrv "1813"]
[WhiteTwz "1870"]
[BlackTwz "1813"]
[WhiteTitle ""]
[BlackTitle ""]
[WhiteFideId "34623493"]
[BlackFideId "16293185"]
[WhiteNatFedId "10781329"]
[BlackNatFedId "10677811"]
[WhiteAttr "M"]
[BlackAttr "M"]
[WhiteTeam "Hagener SV"]
[BlackTeam "Hamburger SK von 1830 eV"]
[PlyCount "0"]
[Annotator "Rnd./Pair./Board: 03.002.03"]

1. d4 Nf6 2. Nc3 d5 3. Bf4 Bf5 4. f3 e6 5. g4 Bg6 6. h4 h6 7. e3 Bd6 8. Nh3 c6 9. Bd3 Bxd3 10. Qxd3 Qe7 11. O-O-O Nbd7 12. e4 dxe4 13. Nxe4 Bxf4+ 14. Nxf4 O-O-O 15. Nxf6 Nxf6 16. Rhe1 Qd6 17. Qd2 Nd5 18. Nd3 Nb6 19. Ne5 Rhf8 20. c3 Qd5 21. b3 Qa5 22. Nd3 Nd5 23. Kb2 Qc7 24. Re5 Nf6 25. Qf2 Rd6 26. Nc5 Rfd8 27. g5 hxg5 28. hxg5 Nd7 29. Nxd7 Qxd7 30. Rh1 Rd5 31. f4 c5 32. Rxd5 Qxd5 33. Rh7 cxd4 34. Qxd4 Qg2+ 0-1

[Event "NDVM 2025 U16"]
[Site "Binz"]
[Date "2025.09.06"]
[Round "3.4"]
[White "Borgert, Alexander"]
[Black "Fels, Mattis"]
[Result "0-1"]
[EventDate "2025.09.05"]
[Time "08:30:00"]
[Board "4"]
[WhiteElo "1676"]
[BlackElo "1832"]
[WhiteNrv "1706"]
[BlackNrv "1745"]
[WhiteTwz "1706"]
[BlackTwz "1745"]
[WhiteTitle ""]
[BlackTitle ""]
[WhiteFideId "16289188"]
[BlackFideId "34623795"]
[WhiteNatFedId "10701155"]
[BlackNatFedId "10777493"]
[WhiteAttr "M"]
[BlackAttr "M"]
[WhiteTeam "Hamburger SK von 1830 eV"]
[BlackTeam "Hagener SV"]
[PlyCount "0"]
[Annotator "Rnd./Pair./Board: 03.002.04"]

1. d4 d5 2. c4 e6 3. Nc3 c6 4. e4 dxe4 5. Nxe4 Bb4+ 6. Nc3 Nf6 7. Ne2 Ne4 8. a3 Nxc3 9. Nxc3 Bd6 10. Be3 O-O 11. Bd3 e5 12. dxe5 Bxe5 13. Qc2 g6 14. O-O-O Qa5 15. Bd2 Qc7 16. h4 Na6 17. b4 Be6 18. Ne4 Bf5 19. Bc3 Bxe4 20. Bxe5 Bxd3 21. Qc3 Qe7 22. Rxd3 Rad8 23. Rxd8 Qxd8 24. Bg7 Re8 25. Bh8 f6 26. Bxf6 Qc7 27. g3 Qf7 28. f4 Re4 29. Rd1 Qxc4 30. Kb2 Re2+ 31. Rd2 Qxc3+ 32. Kxc3 Rxd2 33. Kxd2 Nc7 34. Bd4 b6 35. Kd3 Kf7 36. g4 Nb5 37. Bb2 Ke6 38. a4 Nd6 39. Be5 Kd5 40. Bb2 c5 41. bxc5 bxc5 42. Be5 Ne4 43. Ke3 c4 44. Bd4 a6 45. f5 gxf5 46. gxf5 Nd6 47. f6 Nf5+ 48. Kd2 Nxd4 49. f7 Ne6 50. Kc3 a5 51. h5 h6 52. Kd2 Kd4 53. Kc2 c3 54. Kc1 Kd3 55. Kd1 c2+ 56. Kc1 Nf8 0-1

[Event "NDVM 2025 U16"]
[Site "Binz"]
[Date "2025.09.06"]
[Round "3.1"]
[White "Helms, Finn"]
[Black "Matiashvili, Alexander Michael"]
[Result "1-0"]
[EventDate "2025.09.05"]
[Time "08:30:00"]
[Board "1"]
[WhiteElo "2106"]
[BlackElo "1883"]
[WhiteNrv "2105"]
[BlackNrv "1898"]
[WhiteTwz "2105"]
[BlackTwz "1898"]
[WhiteTitle ""]
[BlackTitle ""]
[WhiteFideId "16249143"]
[BlackFideId "16266242"]
[WhiteNatFedId "10635853"]
[BlackNatFedId "10696495"]
[WhiteAttr "M"]
[BlackAttr "M"]
[WhiteTeam "SAbt SV Werder Bremen"]
[BlackTeam "SV Königsjäger Süd-West e.V."]
[PlyCount "0"]
[Annotator "Rnd./Pair./Board: 03.003.01"]

1. e4 e5 2. Nf3 Nc6 3. Bc4 Nf6 4. d3 Bc5 5. O-O a6 6. a4 d6 7. c3 Ba7 8. Re1 O-O 9. h3 h6 10. Nbd2 Ne7 11. d4 Ng6 12. Bf1 Nh7 13. Nc4 Qe7 14. Ne3 c6 15. Nf5 Qf6 16. Qc2 Ng5 17. Nxg5 hxg5 18. Be3 Nf4 19. dxe5 dxe5 20. Bxa7 Rxa7 21. g3 Ne6 22. Rad1 Nc5 23. Rd6 Be6 24. b4 Nxe4 25. Qxe4 Bxf5 26. Qxe5 Be6 27. Qe3 Raa8 28. Bc4 Rae8 29. Bxe6 Rxe6 30. Rxe6 fxe6 31. Qxe6+ Qxe6 32. Rxe6 Rf3 33. Re3 Rxe3 34. fxe3 Kf7 35. Kf2 Ke6 36. Kf3 Kd5 37. Kg4 Ke4 38. Kxg5 Kxe3 39. Kg6 Kd3 40. Kxg7 Kxc3 41. h4 a5 42. bxa5 Kb2 43. h5 c5 44. h6 c4 45. h7 c3 46. h8=Q c2 47. Kf8+ Kb1 48. Qh7 Kb2 49. Qxb7+ 1-0

[Event "NDVM 2025 U16"]
[Site "Binz"]
[Date "2025.09.06"]
[Round "3.2"]
[White "Schäfer, Benjamin"]
[Black "Jablonski, Ture"]
[Result "1-0"]
[EventDate "2025.09.05"]
[Time "08:30:00"]
[Board "2"]
[WhiteElo "1967"]
[BlackElo "1855"]
[WhiteNrv "1895"]
[BlackNrv "1787"]
[WhiteTwz "1895"]
[BlackTwz "1787"]
[WhiteTitle ""]
[BlackTitle ""]
[WhiteFideId "34616390"]
[BlackFideId "34640452"]
[WhiteNatFedId "10725457"]
[BlackNatFedId "10724973"]
[WhiteAttr "M"]
[BlackAttr "M"]
[WhiteTeam "SV Königsjäger Süd-West e.V."]
[BlackTeam "SAbt SV Werder Bremen"]
[PlyCount "0"]
[Annotator "Rnd./Pair./Board: 03.003.02"]

1. e4 e5 2. Nf3 Nf6 3. Nxe5 d6 4. Nf3 Nxe4 5. Nc3 Nxc3 6. dxc3 Be7 7. Be3 Be6 8. Qd2 Nc6 9. Bd3 Qd7 10. Nd4 Nxd4 11. cxd4 d5 12. O-O Bf5 13. Rfe1 Bxd3 14. Qxd3 O-O-O 15. b3 h5 16. c4 g5 17. c5 f5 18. f4 g4 19. Rec1 c6 20. b4 Rde8 21. b5 cxb5 22. c6 bxc6 23. Qxb5 c5 24. Rab1 Qxb5 25. Rxb5 Kc7 26. dxc5 Kc6 27. Ra5 Bd8 28. Ra6+ Kb5 29. Ra3 a5 30. Bd4 Rh6 31. c6 Bc7 32. Rb3+ Ka6 33. Rb7 Rc8 34. Rcb1 1-0

[Event "NDVM 2025 U16"]
[Site "Binz"]
[Date "2025.09.06"]
[Round "3.1"]
[White "Haubold, Christian"]
[Black "Hellenbroich, Hanno"]
[Result "1-0"]
[EventDate "2025.09.05"]
[Time "08:30:00"]
[Board "1"]
[WhiteElo "1997"]
[BlackElo "1873"]
[WhiteNrv "2083"]
[BlackNrv "1897"]
[WhiteTwz "2083"]
[BlackTwz "1897"]
[WhiteTitle ""]
[BlackTitle ""]
[WhiteFideId "16259629"]
[BlackFideId "16270762"]
[WhiteNatFedId "10667593"]
[BlackNatFedId "10664473"]
[WhiteAttr "M"]
[BlackAttr "M"]
[WhiteTeam "USC Magdeburg"]
[BlackTeam "Lübecker SV von 1873"]
[PlyCount "0"]
[Annotator "Rnd./Pair./Board: 03.004.01"]

1. e4 e5 2. Nf3 Nf6 3. Nxe5 d6 4. Nf3 Nxe4 5. d4 d5 6. Bd3 Bd6 7. O-O O-O 8. c4 c6 9. Nc3 Nxc3 10. bxc3 Bg4 11. h3 Bh5 12. c5 Bc7 13. Re1 Nd7 14. Bg5 Qc8 15. Bf5 Bg6 16. Nh4 Bd8 17. Qd2 Bxg5 18. Qxg5 Qd8 19. Re7 Nf6 20. Rxb7 Qa5 21. Qg3 Ne4 22. Bxe4 Bxe4 23. a4 Qa6 24. Re7 Rfe8 25. Rxe8+ Rxe8 26. Re1 Rc8 27. Rxe4 dxe4 28. Nf5 g6 29. Ne7+ Kg7 30. Nxc8 Qxc8 31. Qd6 Kg8 32. Qe7 Qa6 33. d5 cxd5 34. Qe8+ Kg7 35. c6 Qxa4 36. Qe5+ f6 37. Qe7+ 1-0

[Event "NDVM 2025 U16"]
[Site "Binz"]
[Date "2025.09.06"]
[Round "3.2"]
[White "Petrow, Andre"]
[Black "Kuhlmann, Nils Magnus"]
[Result "1/2-1/2"]
[EventDate "2025.09.05"]
[Time "08:30:00"]
[Board "2"]
[WhiteElo "1835"]
[BlackElo "1841"]
[WhiteNrv "1731"]
[BlackNrv "1790"]
[WhiteTwz "1731"]
[BlackTwz "1790"]
[WhiteTitle ""]
[BlackTitle ""]
[WhiteFideId "34612815"]
[BlackFideId "16287177"]
[WhiteNatFedId "10769617"]
[BlackNatFedId "10827143"]
[WhiteAttr "M"]
[BlackAttr "M"]
[WhiteTeam "Lübecker SV von 1873"]
[BlackTeam "USC Magdeburg"]
[PlyCount "0"]
[Annotator "Rnd./Pair./Board: 03.004.02"]

1. e4 c6 2. d4 d5 3. e5 c5 4. Nf3 Bg4 5. c4 e6 6. Be2 Nc6 7. Be3 cxd4 8. Bxd4 Nxd4 9. Qxd4 Bxf3 10. Bxf3 Qa5+ 11. Nc3 Bc5 12. Qg4 Ne7 13. O-O O-O 14. cxd5 exd5 15. a3 Qc7 16. Rac1 Qxe5 17. Rfe1 Qf6 18. Qg3 Bd6 19. Qg4 Rad8 20. h3 Bc5 21. Rc2 Bb6 22. Rce2 d4 23. Rxe7 dxc3 24. bxc3 Qxc3 25. R1e2 Rd1+ 26. Kh2 Qc1 27. g3 Qxa3 28. h4 Rd3 29. Be4 Rd6 30. Bg2 Rf6 31. f4 Rg6 32. Qh3 Qc1 33. Re1 Qc3 34. R1e2 Qd4 35. R2e3 Qd6 36. Re2 Bf2 37. Re8 Bxg3+ 38. Kh1 Bxf4 39. Rxf8+ Qxf8 40. Qd7 Re6 41. Rxe6 fxe6 42. Qxe6+ Kh8 43. Bxb7 Qd8 44. Kg2 a5 45. Be4 g6 46. Bd5 a4 47. h5 Qg5+ 48. Kf1 Qd8 49. Ke2 Bg5 50. Kd1 gxh5 51. Kc2 Qb8 52. Qf7 Qe5 53. Kd3 Qg3+ 54. Kc4 Qb3+ 55. Kd4 Qb4+ 56. Kd3 Qb1+ 57. Kd4 Qb4+ 58. Ke5 Qf4+ 1/2-1/2

[Event "NDVM 2025 U16"]
[Site "Binz"]
[Date "2025.09.06"]
[Round "3.3"]
[White "Pham, Jacky"]
[Black "Schönrock, Elia"]
[Result "0-1"]
[EventDate "2025.09.05"]
[Time "08:30:00"]
[Board "3"]
[WhiteElo "1647"]
[BlackElo "1817"]
[WhiteNrv "1680"]
[BlackNrv "1688"]
[WhiteTwz "1680"]
[BlackTwz "1688"]
[WhiteTitle ""]
[BlackTitle ""]
[WhiteFideId "34611606"]
[BlackFideId "533051208"]
[WhiteNatFedId "10766089"]
[BlackNatFedId "10906917"]
[WhiteAttr "M"]
[BlackAttr "M"]
[WhiteTeam "USC Magdeburg"]
[BlackTeam "Lübecker SV von 1873"]
[PlyCount "0"]
[Annotator "Rnd./Pair./Board: 03.004.03"]

1. e4 e5 2. Nc3 Nf6 3. f4 d5 4. fxe5 Nxe4 5. Qf3 f5 6. d3 Nxc3 7. bxc3 d4 8. Bb2 Nc6 9. Qg3 Qd5 10. cxd4 Nxd4 11. Kd2 g6 12. Nf3 Qa5+ 13. Kd1 Nxf3 14. Qxf3 Bh6 15. Qe2 Be6 16. Qe1 Qb6 17. Qc3 O-O-O 18. Be2 Rd5 19. a4 Bf4 20. a5 Qe3 21. Bf3 Bxe5 22. Qb3 Rd6 23. Qxb7+ Kd8 24. Qb5 Bxb2 25. Qxb2 Re8 26. Ra3 Bd5 27. Bxd5 Rxd5 28. Rc3 Qe5 29. Qb8+ Kd7 30. Qb7 Rxa5 31. Qc6+ Kd8 32. Kc1 Ra1+ 33. Kb2 Rxh1 34. Ka2 Qe6+ 0-1

[Event "NDVM 2025 U16"]
[Site "Binz"]
[Date "2025.09.06"]
[Round "3.3"]
[White "Tank, Julian"]
[Black "Kalusa, Lukas"]
[Result "1/2-1/2"]
[EventDate "2025.09.05"]
[Time "08:30:00"]
[Board "3"]
[WhiteElo "1692"]
[BlackElo "1665"]
[WhiteNrv "1696"]
[BlackNrv "1734"]
[WhiteTwz "1696"]
[BlackTwz "1734"]
[WhiteTitle ""]
[BlackTitle ""]
[WhiteFideId "34686339"]
[BlackFideId "34617710"]
[WhiteNatFedId "10764561"]
[BlackNatFedId "10698255"]
[WhiteAttr "M"]
[BlackAttr "M"]
[WhiteTeam "Think Rochade - SC HRO"]
[BlackTeam "KSV Rochade Göttingen (Veltheim)"]
[PlyCount "0"]
[Annotator "Rnd./Pair./Board: 03.005.03"]

1. d4 Nf6 2. c4 e6 3. Nf3 b6 4. g3 Ba6 5. Qc2 d5 6. cxd5 exd5 7. Bg2 Bb4+ 8. Bd2 Bxd2+ 9. Nbxd2 O-O 10. Ne5 Bb7 11. Rc1 Na6 12. O-O Qd6 13. Nc6 Bxc6 14. Qxc6 Qxc6 15. Rxc6 Rfe8 16. e3 Re7 17. a3 Rd8 18. Rfc1 Ne8 19. Nb1 Nb8 20. R6c2 c6 21. Nc3 Nd6 22. b3 g6 23. Kf1 Kg7 24. Ke2 Rde8 25. Kd3 h5 26. h4 Re6 1/2-1/2

[Event "NDVM 2025 U16"]
[Site "Binz"]
[Date "2025.09.06"]
[Round "3.1"]
[White "Al Amin, Sami"]
[Black "Böhler, Yannic"]
[Result "1-0"]
[EventDate "2025.09.05"]
[Time "08:30:00"]
[Board "1"]
[WhiteElo "1861"]
[BlackElo "1848"]
[WhiteNrv "1781"]
[BlackNrv "1865"]
[WhiteTwz "1781"]
[BlackTwz "1865"]
[WhiteTitle ""]
[BlackTitle ""]
[WhiteFideId "34691910"]
[BlackFideId "34609059"]
[WhiteNatFedId "10833287"]
[BlackNatFedId "10763953"]
[WhiteAttr "M"]
[BlackAttr "M"]
[WhiteTeam "SchVgg Blankenese von 1923 e.V."]
[BlackTeam "SC Schachelschweine e.V."]
[PlyCount "0"]
[Annotator "Rnd./Pair./Board: 03.006.01"]

1. d4 Nf6 2. c4 g6 3. Nc3 Bg7 4. e4 d6 5. f3 O-O 6. Be3 c5 7. dxc5 Qa5 8. cxd6 Rd8 9. Qa4 Qe5 10. dxe7 Qxe7 11. Nge2 Nc6 12. Nd5 Nxd5 13. cxd5 Nb4 14. Qb3 Bd7 15. Nc3 Be8 16. Kf2 Na6 17. Bxa6 bxa6 18. Rhd1 Rab8 19. Qc2 Qb4 20. Rab1 Rdc8 21. Kg1 Bd7 22. a3 Qb3 23. Qd3 f5 24. Bd4 fxe4 25. fxe4 Bg4 26. Rf1 Bf8 27. h3 Bd7 28. Qf3 Rc4 29. Qf7# 1-0

[Event "NDVM 2025 U16"]
[Site "Binz"]
[Date "2025.09.06"]
[Round "3.2"]
[White "Wander, Nikita"]
[Black "Wöll, Henry"]
[Result "1/2-1/2"]
[EventDate "2025.09.05"]
[Time "08:30:00"]
[Board "2"]
[WhiteElo "1592"]
[BlackElo "1770"]
[WhiteNrv "1486"]
[BlackNrv "1693"]
[WhiteTwz "1486"]
[BlackTwz "1693"]
[WhiteTitle ""]
[BlackTitle ""]
[WhiteFideId "16294092"]
[BlackFideId "533027161"]
[WhiteNatFedId "10724971"]
[BlackNatFedId "10881211"]
[WhiteAttr "M"]
[BlackAttr "M"]
[WhiteTeam "Delmenhorster SK V 1931"]
[BlackTeam "SK Weisse Dame Hamburg"]
[PlyCount "0"]
[Annotator "Rnd./Pair./Board: 03.007.02"]

1. e4 e5 2. Nf3 Nc6 3. Bc4 Bc5 4. b4 Bxb4 5. c3 Be7 6. d4 Na5 7. Bxf7+ Kxf7 8. Nxe5+ Kf8 9. Qh5 Qe8 10. Qf3+ Nf6 11. Bg5 d6 12. Nd3 Kg8 13. Bxf6 Bxf6 14. e5 Nc6 15. O-O Be7 16. Rc1 Qf7 17. Qe3 Bf5 18. Nd2 h6 19. f4 Bxd3 20. Qxd3 Rf8 21. Rf1 Qf5 22. Qc4+ Kh7 23. d5 Nb8 24. Qxc7 Qd7 25. Qxd7 Nxd7 26. e6 Nf6 27. c4 Rc8 28. Rab1 b6 29. a4 Rc5 30. Rb5 Rhc8 31. h3 Kg8 32. g4 Nh7 1/2-1/2